000 00939nam a2200241 i 4500
001 89752
003 ES-MaACL
005 20250828130203.0
007 t|
008 050112s1915 fr ||||1| spa d
100 1 _aLaudet, Fernand.
_970586
245 1 4 _aLas responsabilidades de la guerra /
_cFernando Laudet. El pensamiento francés en Alsacia-Lorena / Abate Wetterlé.
260 _aParis :
_bPlon-Nourrit et Cie.,
_c1915.
300 _a45 p. ;
_c18 cm.
594 _aPrecede al tít.: La Société des Conférences La revue Hendomadaire.
650 1 4 _aGuerra mundial, 1914-1918.
_913212
700 1 _aWetterlé
_c, Abbé.
_9116589
740 3 _aEl pensamiento francés en Alsacia-Lorena.
852 _aES-MaACL
_j1482-F-2
856 _uhttps://mdc.csuc.cat/digital/collection/Iguerramund/id/2817
_yVersión digital en línea
_z(Universitat Pompeu Fabra)
942 _2udc
_cFOLLETOS
999 _c89752
_d89752